|
|
|
|
| LEADER |
00000nam0a2200000 4500 |
| 001 |
161009 |
| 005 |
20251027155629.0 |
| 010 |
|
|
|a 5982985033
|
| 035 |
|
|
|a (RuTPU)RU\TPU\book\174605
|
| 090 |
|
|
|a 161009
|
| 100 |
|
|
|a 20090602d2009 m y0rusy50 ca
|
| 101 |
0 |
|
|a rus
|
| 102 |
|
|
|a RU
|
| 105 |
|
|
|a a z 001cb
|
| 200 |
1 |
|
|a Ефим Лукьянович Зубашев
|e биографический очерк
|f Р. А. Галанова
|
| 210 |
|
|
|a Томск
|c Изд-во ТПУ
|d 2009
|
| 215 |
|
|
|a 206 с.
|c ил.
|
| 225 |
1 |
|
|a Жизнь замечательных людей ТПУ
|
| 318 |
|
|
|5 63413507
|a Основоположник высшего технического образования в Сибири. К 150-летию со дня рождения Е.Л. Зубашева
|
| 320 |
|
|
|a Краткая биографическая справка о Е. Л. Зубашеве: с. 198-199.
|
| 320 |
|
|
|a Опубликованные труды Е. Л. Зубашева: с. 200-201.
|
| 320 |
|
|
|a Список литературы: с. 202-205.
|
| 330 |
|
|
|a Очерк посвящен жизни и деятельности профессора Е. Л. Зубашева (1860—1928 гг.), устроителя и первого директора Томского технологического института, выдающегося ученого, члена Государственного Совета Российской Империи, Почетного члена ТТИ (ТПУ), удостоенного многих орденов России и ордена Королевства Сербии и Хорватии. Он внес значительный вклад в экономическое и культурное развитие Сибири и организацию высшего технического образования в азиатской части России. Очерк рассчитан на широкий круг читателей, интересующихся историей российского высшего образования.
|
| 464 |
|
|
|t Инновации Томского политехнического как развитие лучших традиций вуза
|f П. С. Чубик
|
| 464 |
|
|
|t Томский политехнический университет-лидер инженерного образования
|
| 600 |
|
1 |
|a Зубашев
|g Ефим Лукьянович
|c российский химик-технолог
|f 1860-1928
|b Е. Л.
|c директор Томского технологического института (1899-1907)
|y Томск
|2 stltpush
|3 (RuTPU)RU\TPU\pers\579
|
| 606 |
1 |
|
|a Учёные
|y СССР
|y Россия
|2 stltpush
|3 (RuTPU)RU\TPU\subj\63499
|9 80523
|
| 606 |
1 |
|
|a Томский политехнический университет
|2 stltpush
|3 (RuTPU)RU\TPU\subj\67475
|9 83260
|
| 610 |
1 |
|
|a ТПУ
|
| 610 |
1 |
|
|a история
|
| 610 |
1 |
|
|a профессора ТПИ
|
| 610 |
1 |
|
|a биографическая проза
|
| 610 |
1 |
|
|a Томский технологический институт
|
| 610 |
1 |
|
|a ректоры
|
| 610 |
1 |
|
|a инженерное образование
|
| 610 |
1 |
|
|a Сибирь
|
| 610 |
1 |
|
|a Томск
|
| 610 |
1 |
|
|a труды учёных ТПУ
|
| 610 |
1 |
|
|a Коллекция История ТПУ
|
| 686 |
|
|
|a Ч216(2)
|2 rubbk
|
| 686 |
|
|
|a Ч484(2)72ТПУ
|2 rubbk
|
| 700 |
|
1 |
|a Галанова
|b Р. А.
|g Раиса Александровна
|
| 801 |
|
1 |
|a RU
|b 63413507
|c 20090602
|g PSBO
|
| 801 |
|
2 |
|a RU
|b 63413507
|c 20190214
|g PSBO
|
| 942 |
|
|
|c BK
|